[Event "HUN-chT2 Toth 1213"]
[Site "Hungary"]
[Date "2013.04.21"]
[Round "11.6"]
[White "Banyai, Istvan"]
[Black "Lorincz, Sandor"]
[Result "0-1"]
[WhiteElo "1977"]
[BlackElo "2200"]
[PlyCount "112"]
[EventDate "2012.09.16"]
[EventType "team-tourn"]
[EventRounds "11"]
[EventCountry "HUN"]
[SourceTitle "EXT 2014"]
[Source "ChessBase"]
[SourceDate "2013.11.20"]
[SourceVersion "1"]
[SourceVersionDate "2013.11.20"]
[SourceQuality "1"]
[WhiteTeam "Gyula"]
[BlackTeam "Toth Laszlo II"]
[WhiteTeamCountry "HUN"]
[BlackTeamCountry "HUN"]

1. d4 Nf6 2. Nf3 c6 3. g3 d5 4. Bg2 a6 5. 0-0 Bf5 6. c3 Nbd7 7. Nh4 Bg6 8. Nxg6 hxg6 9. Qb3 b5 10. Nd2 Nb6 11. e4 dxe4 12. Nxe4 Nxe4 13. Bxe4 Qd7 14. Bg2 e6 15. Re1 Be7 16. Be3 0-0 17. Rad1 a5 18. Qc2 a4 19. a3 Rfd8 20. h4 Rac8 21. Qe2 Nd5 22. Bxd5 Qxd5 23. Bf4 Rd7 24. Qg4 Qf5 25. Qxf5 gxf5 26. Kg2 Rcd8 27. Bg5 f6 28. Bf4 e5 29. Be3 exd4 30. Bxd4 c5 31. Re6 cxd4 32. Rxd4 Rxd4 33. cxd4 Kf7 34. Rb6 Rd5 35. f4 b4 36. axb4 Rxd4 37. b5 Rd2+ 38. Kf3 Rxb2 39. Rb7 a3 40. b6 Ke6 41. Rb8 Bd6 42. Rb7 Rb3+ 43. Kg2 g6 44. Kh3 Kd5 45. h5 gxh5 46. Kh4 Kc6 47. Ra7 Kxb6 48. Ra4 Rb2 49. Kxh5 Rg2 50. Kg6 Kb5 51. Ra8 Rxg3+ 52. Kxf5 Rf3 53. Kxf6 Rxf4+ 54. Ke6 Ra4 55. Rxa4 Kxa4 56. Kxd6 a2 0-1

[Event "HUN-chT2 Toth 1213"]
[Site "Hungary"]
[Date "2012.11.18"]
[Round "4.6"]
[White "Restas, Peter"]
[Black "Lorincz, Sandor"]
[Result "1-0"]
[WhiteElo "2206"]
[BlackElo "2200"]
[PlyCount "119"]
[EventDate "2012.09.16"]
[EventType "team-tourn"]
[EventRounds "11"]
[EventCountry "HUN"]
[SourceTitle "EXT 2014"]
[Source "ChessBase"]
[SourceDate "2013.11.20"]
[SourceVersion "1"]
[SourceVersionDate "2013.11.20"]
[SourceQuality "1"]
[WhiteTeam "Mako II"]
[BlackTeam "Toth Laszlo II"]
[WhiteTeamCountry "HUN"]
[BlackTeamCountry "HUN"]

1. c4 c6 2. Nc3 d5 3. cxd5 cxd5 4. d4 Nc6 5. Bf4 a6 6. e3 Nf6 7. Bd3 Bg4 8. f3 Bh5 9. Nge2 e6 10. Rc1 Bg6 11. 0-0 Nh5 12. Bg3 Nxg3 13. hxg3 Bxd3 14. Qxd3 Be7 15. Na4 0-0 16. Nc5 Na5 17. Nf4 b6 18. Na4 Qb8 19. Kf2 g6 20. Rc2 Rd8 21. Rfc1 Bd6 22. Ne2 Ra7 23. f4 Bf8 24. Ng1 Nc4 25. Nf3 Nd6 26. Ne5 Ne4+ 27. Kf3 b5 28. Nc6 Qa8 29. Nxa7 Qxa7 30. Nc3 f5 31. Qd1 Nd6 32. Nb1 Qf7 33. Rc7 Rd7 34. Rxd7 Qxd7 35. Qc2 g5 36. Qc6 Qf7 37. Nd2 gxf4 38. exf4 Qg7 39. Qb6 Qg6 40. Qd8 h6 41. Rc6 Ne4 42. Nxe4 fxe4+ 43. Ke2 Qxg3 44. Rc3 Qxg2+ 45. Kd1 Qf1+ 46. Kc2 Qxf4 47. Qe8 Qf5 48. Kb3 Kh7 49. Rc7+ Bg7 50. Rf7 Qg6 51. Re7 Qg3+ 52. Kb4 Qg1 53. Rxe6 Qxd4+ 54. Ka5 Qg1 55. Kxa6 Bxb2 56. Qf7+ Qg7 57. Qf5+ Kh8 58. Re8+ Qg8 59. Rxg8+ Kxg8 60. Qxd5+ 1-0

[Event "HUN-chT2 Toth 1112"]
[Site "Hungary"]
[Date "2011.11.27"]
[Round "4.4"]
[White "Lorincz, Sandor"]
[Black "Lovas, Daniel"]
[Result "1-0"]
[WhiteElo "2159"]
[BlackElo "2141"]
[PlyCount "119"]
[EventDate "2011.09.25"]
[EventType "team-tourn"]
[EventRounds "11"]
[EventCountry "HUN"]
[SourceTitle "EXT 2013"]
[Source "ChessBase"]
[SourceDate "2012.11.22"]
[SourceVersion "1"]
[SourceVersionDate "2012.11.22"]
[SourceQuality "1"]
[WhiteTeam "Toth Laszlo"]
[BlackTeam "Takisz"]
[WhiteTeamCountry "HUN"]
[BlackTeamCountry "HUN"]

1. d4 Nf6 2. Bf4 g6 3. e3 Bg7 4. Nf3 d6 5. Be2 c6 6. c4 Qb6 7. Qc1 Nbd7 8. Nc3 Nh5 9. Bg5 h6 10. Bh4 g5 11. Nd2 Ndf6 12. Bg3 Nxg3 13. hxg3 Ng4 14. c5 Qc7 15. cxd6 Qxd6 16. Nde4 Qb8 17. Qc2 Bf5 18. Nf6+ Nxf6 19. Qxf5 Qc8 20. Qe5 Qb8 21. Qf5 Qc8 22. Qc5 Qd8 23. Rb1 Qd6 24. b4 Nd7 25. Qf5 Qg6 26. Qxg6 fxg6 27. Bd3 Kf7 28. f4 Nf6 29. Ne4 gxf4 30. gxf4 Nxe4 31. Bxe4 Rad8 32. Ke2 Bf6 33. b5 Rd6 34. bxc6 bxc6 35. Rb7 g5 36. f5 h5 37. Rxa7 h4 38. Ra6 Rc8 39. Rc1 c5 40. Bb7 Rcd8 41. Rxc5 Rxa6 42. Bxa6 Ra8 43. Bc4+ Kg7 44. Kf3 Rh8 45. Kg4 h3 46. gxh3 Rh4+ 47. Kg3 Kh6 48. a4 g4 49. hxg4 Kg5 50. Be2 Rh1 51. a5 Ra1 52. a6 Ra3 53. Kf2 Kh4 54. Rc6 Bg5 55. Re6 Kh3 56. Kf3 Kh4 57. Bc4 Bf6 58. Re4 Kg5 59. d5 Ra4 60. Bb5 1-0